| 000 | 00776cab a2200229 4500 | ||
|---|---|---|---|
| 001 | WB3344-14 | ||
| 008 | 090401t1997 xxu||||| |||| 00| 0 eng d | ||
| 035 | _a(Sirsi) u81984 | ||
| 041 | _aeng | ||
| 245 | _aForest sites block EU funds | ||
| 260 | _c1997 | ||
| 350 | _a0 | ||
| 490 |
_aObserver _v9 November 1997, 20(1) |
||
| 520 | _aEurope`s environmental groups are planning to take Britain and Ireland to court for failing to protect endangered forest sites. They claim that failure to comply with the Habitat Directive could lead to the withdrawal of EU structural funds. | ||
| 650 | _aFORESTS | ||
| 650 | _aHABITAT DIRECTIVE | ||
| 650 | _aSTRUCTURAL FUNDS | ||
| 650 | _aSUSTAINABLE DEVELOPMENT | ||
| 690 | _aCONSERVATION | ||
| 942 | _n0 | ||
| 948 | _c11/11/1997 | ||
| 999 |
_c51699 _d51699 |
||